Statistics for Top 100 most commonly used words

Click here to take the quiz!

General Stats

  • This quiz has been taken 2,146 times
  • The average score is 51 of 100

Answer Stats

RankingAnswer% Correct
6A
98%
10I
97%
1The
97%
16He
93%
32An
89%
18You
88%
56No
85%
2Be
84%
30She
84%
3To
83%
27We
83%
19Do
82%
29Her
81%
49Go
80%
14On
80%
26They
78%
11It
77%
7In
76%
50Me
76%
5And
75%
41So
72%
51When
72%
40What
71%
13Not
67%
4Of
67%
8That
66%
64Your
65%
39Their
64%
38There
64%
53Can
63%
12For
63%
68Them
63%
100Us
63%
46Who
63%
34My
62%
85How
61%
23His
60%
9Have
59%
35One
59%
58Him
58%
21This
58%
84Two
58%
42Up
56%
17As
52%
22But
52%
20At
51%
24By
51%
54Like
51%
69See
51%
72Then
50%
33Will
50%
86Our
47%
36All
46%
67Could
46%
44If
46%
43Out
45%
15With
44%
25From
43%
47Get
43%
31Or
43%
37Would
43%
65Good
42%
28Say
41%
66Some
41%
94Because
40%
71Than
40%
98Day
39%
97Give
39%
55Time
38%
76Come
37%
59Know
37%
73Now
36%
60Take
36%
78Over
34%
93Want
34%
77Its
33%
52Make
33%
57Just
32%
99Most
32%
83Use
31%
96These
30%
79Think
30%
74Look
28%
95Any
27%
45About
25%
48Which
25%
62Into
24%
82After
23%
88First
23%
90Way
22%
89Well
22%
80Also
21%
92New
21%
87Work
21%
91Even
20%
63Year
19%
81Back
18%
75Only
17%
70Other
15%
61Person
9%

Score Distribution

Percentile by Number Answered

Percent of People with Each Score

Your Score History

You have not taken this quiz